000 01732nam0a2200325 4500
001 RU\NLR\bibl\1175626
005 20260407173242.0
010 _a978-5-98104-023-8
_91000
021 _aRU
_b2007-81817
_94410
035 _a(NLR Aleph) 001162281
090 _a1545109
_c1545109
100 _a20080114d2007 |||y0rusy50 ca
101 0 _arus
102 _aRU
105 _aa |||||||||
200 1 _aВлиятельные универсанты
_eпитомцы Ленинградского - Санкт-Петербургского университета
_eкто есть кто
_e[именной указатель]
_fС.-Петерб. гос. ун-т, Культ. фонд "Знаменитые универсанты СПбГУ"
_g[авт.-сост.: Н.Я. Олесич, проф. и др.]
205 _aИзд. 2-е
210 _aСанкт-Петербург
_cЗнаменитые универсанты
_d2007
215 _a243 с.
_cцв. ил., портр.
_d24
320 _aУказ. имен: с. 201-206
601 0 2 _aСанкт-Петербургский государственный университет
_xВыпускники
_92280403
_3RU\NLR\auth\661366291
686 _aЧ484(2)711.9-Петербургский
686 _aЧ481.448
702 1 _4070
_7ca
_8rus
_aОлесич
_bН. Я.
_gНинэль Яковлевна
_9142447
_3RU\NLR\AUTH\770142483
712 0 2 _4570
_aСанкт-Петербургский государственный университет
_bКультурный фонд "Знаменитые универсанты СПбГУ"
_3RU\NLR\AUTH\8810110243
_9720450
801 0 _aRU
_bNLR
_c20080114
_gRCR
801 1 _aRU
_bNLR
_c20080114
942 _cBOOK
980 _aNB